| 000 | 01421cam a2200409 a 4500 | ||
|---|---|---|---|
| 001 | 16775227 | ||
| 003 | OSt | ||
| 005 | 20231127073319.0 | ||
| 008 | 110512s2011 enka 001 0 eng | ||
| 010 | _a 2011378176 | ||
| 015 |
_aGBB0A7450 _2bnb |
||
| 016 | 7 |
_a015644064 _2Uk |
|
| 020 | _a9780521125659 (pbk.) | ||
| 020 | _a0521125650 (pbk.) | ||
| 035 | _a(OCoLC)ocn663441094 | ||
| 040 |
_aUKM _cUKM _dDLC |
||
| 042 | _alccopycat | ||
| 050 | 0 | 0 |
_aPE1128.A2 _b420.07 S674 2005 |
| 082 | 0 | 4 |
_a 420.07 S674 2005 _222 |
| 100 | 1 | _aSpratt, Mary. | |
| 245 | 1 | 4 |
_aThe TKT course : _bteaching knowledge test : modules 1, 2 and 3 / _cMary Spratt, Alan Pulverness, Melanie Williams. |
| 250 | _a2nd ed. | ||
| 260 |
_aCambridge ; _aNew York : _bCambridge University Press, _c2011. |
||
| 300 |
_a255 p. : _bill. ; _c25 cm. |
||
| 500 | _aPrevious ed.: published as The TKT course. 2005. | ||
| 500 | _aIncludes index. | ||
| 650 | 0 |
_aEnglish language _xStudy and teaching _xForeign speakers. |
|
| 650 | 0 |
_aEnglish language _xExaminations _vStudy guides. |
|
| 650 | 0 |
_aEnglish teachers _xTraining of. |
|
| 650 | 0 |
_aEducation, Bilingual _xTeacher training. |
|
| 700 | 1 | _aPulverness, Alan. | |
| 700 | 1 |
_aWilliams, Melanie, _d1952- |
|
| 700 | 1 |
_aSpratt, Mary. _tTKT course. |
|
| 906 |
_a7 _bcbc _ccopycat _d2 _encip _f20 _gy-gencatlg |
||
| 942 |
_2ddc _cBK-EN _n0 |
||
| 999 |
_c6243 _d6243 |
||